Paroles " Infernale" - Le bossu de nôtre dame Disney - Statistiques

Statistiques générales
  • Ce quiz a été pris 140 fois
  • Le résultat moyen est 129 sur 168
Statistiques - réponses
Hint Réponse % Correct
a
99%
A
99%
À
99%
de
95%
De
95%
est
95%
ma
95%
Ma
95%
que
95%
Que
95%
le
92%
ce
90%
Elle
90%
Les
90%
Frollo: Infernale
89%
me
89%
Moi
88%
coeur
86%
Coeur
86%
et
86%
Et
86%
Maria
86%
mon
86%
Mon
86%
Pour
86%
Frollo: Quelle
86%
Qu'elle
86%
Fait
85%
Je
85%
Ou
85%
cette
84%
Cette
84%
âme
82%
Faute
82%
pourquoi
82%
Pourquoi
82%
Si
82%
Sorcière
82%
danse
81%
Flammes
81%
Gitane
81%
sa
81%
Frollo et prêtres: Est-ce
79%
Hommes
79%
Notre
79%
fier
78%
Lucifer
78%
plus
78%
Quand
78%
Qui
78%
ses
78%
Soit
78%
chevelure
77%
droit
77%
du
77%
Du
77%
feu
77%
Feu
77%
Moins
77%
Puissants
77%
Père
75%
pure
75%
vertu
75%
En
74%
j'ai
74%
bien
73%
corps
73%
Corps
73%
l'insolente
73%
Frollo: Mais
73%
Pitié
73%
yeux
73%
d'être
71%
droiture
71%
Par
71%
ciel
70%
Qu'un
70%
Seul
70%
chair
68%
clame
68%
doit
68%
Mienne
68%
S'enflamme
68%
torture
68%
Brûlera
67%
Esmeralda
67%
punir
67%
Son
67%
Te
67%
blâme
66%
C'est
66%
désir
66%
Enfer
66%
foule
66%
L'enfer
66%
Seigneur
66%
Frollo: Beata
64%
hantent
64%
Mal
64%
pêché
64%
vulgaire
64%
Bacchanale
62%
Fais
62%
qu'une
62%
flétrissures
60%
Sort
60%
noircit
59%
Passion
59%
Sois
59%
m'embrasent
58%
Mènera
58%
Fleur
56%
Mauvais
56%
Diabolique
55%
traîne-misère
55%
Détruis
52%
Linceul
52%
Rideau
52%
brûlure
51%
d'obscènes
51%
S'offre
51%
commune
45%
devorent
42%
Protège-moi
40%
Aucun quiz correspondant
Distribution des résultats
% des personnes avec chaque résultat
Percentile par nombre de réponses
Votre historique - résultats
Vous n’avez pas pris ce quiz